000 00686nam a22002057a 4500
005 20260122103031.0
008 210608b |||||||| |||| 00| 0 eng d
020 _a1874392794 Pbk. Bp.
040 _aMMSU
_cULS
_dULS
050 _aRM 302 H36 2007 CHS
100 _aHansten, Philip D.
245 _aDrug interactions analysis and management 2007 /
_cPhilip D. Hansten and John R. Horn.
260 _aSt. Louis, Missouri :
_bWolter's Kluwer Health,
_c2007.
300 _axvi, 1588 pages :
_billustrations ;
_c23 cm.
521 _aIncludes index.
650 _aDrug interactions.
650 _aDrugs - Physiological effect.
650 _aDrugs - Side effects.
942 _2lcc
_cBK
999 _c15665
_d15665